000 00380nam a2200157Ia 4500
003 Ost
005 20260225132538.0
008 260225s9999||||xx |||||||||||||| ||und||
040 _cfsic
041 _afre
082 _a302.23
100 _aYves lacoste
_eAuteur
245 0 _aHerodote n :
245 0 _b77 maitriser ou accepter les islamistes /
_cYves lacoste
942 _cكتاب
999 _c33316
_d33316